| 000 | 00000nam 2200000za 4500 |
| 001 | 9.837774 |
| 003 | CaOODSP |
| 005 | 20250403105929 |
| 007 | cr ||||||||||| |
| 008 | 170606s19821984onc #os f00| 0 fre d |
| 040 | |aCaOODSP|bfre |
| 041 | |aeng|afre |
| 043 | |an-cn--- |
| 086 | 1 |aCS92-904/1981-PDF |
| 086 | 1 |aCS92-933/1981-PDF |
| 086 | 1 |aCS92-934/1981-PDF |
| 245 | 00|a1981 Census of Canada |h[ressource électronique] : |bvolume 1 - national series : private households = Recensement du Canada de 1981 : volume 1 - série nationale : ménages privés. |
| 246 | 11|aRecensement du Canada de 1981 : |bvolume 1 - série nationale : ménages privés |
| 246 | 30|aMénages privés |
| 260 | |aOttawa : |bStatistics Canada = Statistique Canada, |c1982-1984. |
| 300 | |a3 v. |
| 500 | |aÉdition numérisée de l’imprimé [par Statistique Canada]. |
| 500 | |aNombreux tableaux. |
| 500 | |aTitre de la couv. |
| 505 | 0 |a92-904. Genre, nombre de personnes, composition -- 92-933. Certaines caractéristiques -- 92-934. Revenu. |
| 546 | |aTexte en anglais et en français. |
| 692 | 07|2gccst|aRecensement |
| 692 | 07|2gccst|alogement |
| 692 | 07|2gccst|aFamille |
| 710 | 2 |aStatistique Canada. |
| 791 | |t1981 Census of Canada |eeng|w(CaOODSP)9.837770 |
| 856 | 40|qPDF|s2.36 Mo|uhttps://publications.gc.ca/collections/collection_2017/statcan/CS92-904-1981.pdf|zGenre, nombre de personnes, composition |
| 856 | 40|qPDF|s6.74 Mo|uhttps://publications.gc.ca/collections/collection_2017/statcan/CS92-933-1981.pdf|zCertaines caractéristiques |
| 856 | 40|qPDF|s2.23 Mo|uhttps://publications.gc.ca/collections/collection_2017/statcan/CS92-934-1981.pdf|zRevenu |